[Event "Tournoi Skype 023A"]
[Site "Skype"]
[Date "????.??.??"]
[Round "1.1"]
[White "Siret, Bernard"]
[Black "Sepulveda, Lyda Marcela"]
[Result "1-0"]
[WhiteElo "2045"]
[BlackElo "1649"]
[PlyCount "37"]

1. e4 e5 2. Nf3 Nc6 3. Bc4 Bc5 4. b4 Be7 5. b5 Na5 6. Nxe5 Nxc4 7. Nxc4 d5 8.
exd5 Qxd5 9. Ne3 Qe6 10. Bb2 Nf6 11. Nc3 O-O 12. O-O Re8 13. a4 a5 14. Qf3 Bd6
15. Rfe1 Qe5 16. g3 Qg5 17. Ned5 Re6 18. Nxf6+ gxf6 19. Ne4 1-0

[Event "Tournoi Skype 023A"]
[Site "Skype"]
[Date "????.??.??"]
[Round "1.2"]
[White "Fernandez Cabello, Emilio"]
[Black "Benson, Paul"]
[Result "0-1"]
[WhiteElo "1646"]
[BlackElo "2021"]
[PlyCount "116"]

1. d4 f5 2. Nf3 Nf6 3. g3 g6 4. Bg2 Bg7 5. O-O O-O 6. c4 d6 7. Nc3 Na6 8. Re1
c5 9. d5 Nh5 10. e3 Nc7 11. Qc2 Rb8 12. b3 e5 13. e4 f4 14. Bb2 g5 15. Rad1 Bf6
16. Rd3 g4 17. Nd2 Bg7 18. Nf1 f3 19. Bh1 Bd7 20. h3 Qg5 21. Bc1 Qg6 22. Qd2
Nf4 23. gxf4 gxh3+ 24. Kh2 exf4 25. Rxf3 Be5 26. Rd3 Rf7 27. Ne2 h5 28. Bb2 Qf6
29. Bxe5 Qxe5 30. Qc3 Qg5 31. Qd2 Rbf8 32. Ng1 Rg7 33. Nf3 Qg6 34. Qe2 Bg4 35.
N1d2 Ne8 36. Qf1 Nf6 37. Nh4 Qg5 38. Ndf3 Bxf3 39. Nxf3 Ng4+ 40. Kxh3 Qe7 41.
Nh4 Qd7 42. Nf5 Rxf5 43. exf5 Qxf5 44. Be4 Nxf2+ 45. Kh2 Nxe4 46. Qh3 Qg6 47.
Qe6+ Qxe6 48. dxe6 Nf2 49. e7 Rxe7 50. Rxe7 Nxd3 51. Rd7 Nc1 52. Rxd6 Nxa2 53.
Rf6 Nc1 54. Rxf4 Nxb3 55. Rf2 Na5 56. Rf4 Kg7 57. Kh3 Kg6 58. Kh4 a6 0-1

[Event "Tournoi Skype 023A"]
[Site "Skype"]
[Date "????.??.??"]
[Round "1.3"]
[White "Rico Hernandez, Edgar"]
[Black "Megelas, Florent"]
[Result "1/2-1/2"]
[WhiteElo "1981"]
[BlackElo "1643"]
[PlyCount "86"]

1. d4 d6 2. c4 e5 3. dxe5 dxe5 4. Qxd8+ Kxd8 5. Nf3 f6 6. Nc3 c6 7. e4 Be6 8.
Be2 Kc7 9. O-O a5 10. Be3 g6 11. Na4 Nd7 12. Rfd1 Bh6 13. Nc5 Nxc5 14. Bxc5 Bf8
15. Bxf8 Rxf8 16. Rd2 Ne7 17. c5 Nc8 18. b3 Rd8 19. Rad1 Rxd2 20. Rxd2 Rd8 21.
Kf1 Rxd2 22. Nxd2 a4 23. bxa4 Bxa2 24. Bg4 Ne7 25. Ke2 b6 26. cxb6+ Kxb6 27.
Kd3 Ka5 28. Bd1 Kb4 29. Kc2 c5 30. Kb2 Be6 31. Nb1 Nc6 32. Nc3 Ne7 33. f3 Bd7
34. Na2+ Ka5 35. Ka3 Nc6 36. Nc3 Nd4 37. Nd5 f5 38. Nf6 Bc6 39. Nd5 fxe4 40.
fxe4 c4 41. Nc3 Bd7 42. Nd5 Bc6 43. Nc3 Bd7 1/2-1/2

[Event "Tournoi Skype 023A"]
[Site "Skype"]
[Date "????.??.??"]
[Round "1.4"]
[White "Mulrooney, Justin"]
[Black "Deville, Olivier"]
[Result "0-1"]
[WhiteElo "1637"]
[BlackElo "1965"]
[PlyCount "70"]

1. e4 c5 2. c3 g6 3. d4 cxd4 4. cxd4 d5 5. Nc3 dxe4 6. Nxe4 Bg7 7. Be3 Nc6 8.
Nf3 Bg4 9. Be2 Bxf3 10. Bxf3 Nxd4 11. Bxd4 Qxd4 12. Nc3 Qxd1+ 13. Rxd1 Bxc3+
14. bxc3 Rb8 15. Rb1 b6 16. O-O Nf6 17. Rfe1 e6 18. Bc6+ Ke7 19. c4 Rbc8 20.
Bd5 Rhd8 21. Rbd1 Kf8 22. Bb7 Rxd1 23. Rxd1 Rxc4 24. Ba6 Ra4 25. Bb5 Rxa2 26.
h3 Rb2 27. Ba6 Ke7 28. Kf1 Ne4 29. Be2 Nc3 30. Re1 Nxe2 31. Rxe2 Rxe2 32. Kxe2
Kd6 33. Kd3 Kd5 34. f4 a5 35. g3 b5 0-1

[Event "Tournoi Skype 023A"]
[Site "Skype"]
[Date "????.??.??"]
[Round "1.5"]
[White "Silva, Rodrigo De Souza"]
[Black "Yeter, Orhan"]
[Result "1-0"]
[WhiteElo "1897"]
[BlackElo "1615"]
[PlyCount "47"]

1. d4 Nf6 2. Nc3 d5 3. Bg5 e6 4. Nf3 c5 5. e4 dxe4 6. Nxe4 Be7 7. Bxf6 gxf6 8.
dxc5 Qxd1+ 9. Rxd1 O-O 10. Bb5 Nc6 11. c3 f5 12. Nd6 Bd7 13. Nxb7 Be8 14. Nd6
Bd7 15. Nxf5 Be8 16. Bxc6 Bxc6 17. Nxe7+ Kh8 18. Nxc6 Rfc8 19. Rd6 Rc7 20. b4
Rac8 21. b5 a6 22. b6 Rxc6 23. Rxc6 Rxc6 24. b7 1-0

[Event "Tournoi Skype 023A"]
[Site "Skype"]
[Date "????.??.??"]
[Round "1.6"]
[White "L'Herbon De Lussats, Jean"]
[Black "Ibarra Cantu, Raul Alberto"]
[Result "0-1"]
[WhiteElo "1614"]
[BlackElo "1892"]
[PlyCount "82"]

1. d4 Nf6 2. Nf3 e6 3. g3 b6 4. Bg2 Bb7 5. O-O Be7 6. c4 O-O 7. Nc3 d5 8. cxd5
Nxd5 9. Ne5 Nxc3 10. bxc3 Bxg2 11. Kxg2 Qd5+ 12. f3 Rd8 13. e4 Qb7 14. Qc2 c5
15. Be3 Nc6 16. Rad1 Rac8 17. Nxc6 Qxc6 18. c4 cxd4 19. Rxd4 Rxd4 20. Bxd4 Qxc4
21. Qb2 Qd3 22. Bf2 Rc2 23. Qe5 Bd6 24. Qg5 Bc5 25. Qf4 h6 26. Qb8+ Kh7 27.
Qxa7 Qd4 28. Kh3 Rxf2 29. Qa6 Rxf1 30. Qxf1 Qf2 31. Qd3 Qxa2 32. e5+ g6 33. Qd8
Qd5 34. Qf6 Kg8 35. f4 b5 36. Kh4 Qd7 37. g4 Be7 38. Qxe7 Qxe7+ 39. g5 b4 40.
Kg4 h5+ 41. Kf3 b3 0-1

[Event "Tournoi Skype 023A"]
[Site "Skype"]
[Date "????.??.??"]
[Round "1.7"]
[White "Hilton, Stephen"]
[Black "Salazar Ticeran, Antonio"]
[Result "1-0"]
[WhiteElo "1880"]
[BlackElo "1612"]
[PlyCount "85"]

1. d4 Nf6 2. c4 g6 3. Nc3 Bg7 4. e4 d6 5. Be2 O-O 6. Bg5 Nbd7 7. h3 c5 8. d5 h6
9. Be3 Rb8 10. Nf3 b5 11. cxb5 Qa5 12. O-O a6 13. a4 Qb6 14. Qc2 Ne5 15. Nxe5
dxe5 16. Ra3 Bd7 17. Rb3 Qa5 18. Bxc5 axb5 19. axb5 Rfc8 20. Ra3 Qc7 21. Bb4
Bxb5 22. Ba5 Qb7 23. Bxb5 Qxb5 24. Rb1 Rc4 25. Qe2 Rxc3 26. Qxb5 Rxb5 27. Bxc3
Nxe4 28. Ra8+ Bf8 29. Bxe5 Rxd5 30. Bf4 g5 31. Be3 f5 32. f3 Ng3 33. Bf2 f4 34.
b4 e5 35. Bc5 Ne2+ 36. Kf2 Nc3 37. Rxf8+ Kg7 38. Rc1 Na2 39. Rc2 Rxc5 40. bxc5
Kxf8 41. c6 Nb4 42. c7 Nd3+ 43. Ke2 1-0

[Event "Tournoi Skype 023A"]
[Site "Skype"]
[Date "????.??.??"]
[Round "1.8"]
[White "Kruk, Clementine"]
[Black "Lambert, Pierre"]
[Result "0-1"]
[WhiteElo "1594"]
[BlackElo "1868"]
[PlyCount "102"]

1. e4 c5 2. d4 cxd4 3. c3 d3 4. Bxd3 d6 5. Nf3 Nc6 6. Nbd2 g6 7. O-O Bg7 8. Re1
Nf6 9. Nc4 b5 10. e5 bxc4 11. exf6 Bxf6 12. Bxc4 O-O 13. Ng5 Ne5 14. Bd5 Rb8
15. Ne4 Bg7 16. Bf4 Rxb2 17. Rb1 Rxb1 18. Qxb1 Ba6 19. h3 Nd3 20. Bg3 Nxe1 21.
Qxe1 Qa5 22. Bb3 d5 23. Ng5 Bf6 24. Qd2 e6 25. Nf3 Qxc3 26. Qh6 Bg7 27. Qh4
Qc1+ 28. Kh2 h6 29. Bf4 Qc3 30. Bxh6 Bxh6 31. Qxh6 Qg7 32. Qh4 Be2 33. Nd4 Qe5+
34. g3 Kg7 35. Nc6 Qf6 36. Qxf6+ Kxf6 37. Nxa7 Bc4 38. Kg2 Bxb3 39. axb3 Rb8
40. b4 Rxb4 41. Nc6 Rc4 42. Na5 Rc3 43. Nb7 Ke7 44. g4 Kd7 45. f3 Kc7 46. Na5
Kb6 47. Nb7 Kxb7 48. Kf2 d4 49. Ke2 Kc6 50. Kd2 Kd5 51. f4 Ke4 0-1

[Event "Tournoi Skype 023A"]
[Site "Skype"]
[Date "????.??.??"]
[Round "1.9"]
[White "Lopez, Jose Luis"]
[Black "Perez Fermin, Jose"]
[Result "1-0"]
[WhiteElo "1865"]
[BlackElo "1571"]
[PlyCount "53"]

1. e4 c5 2. Nf3 d6 3. d4 cxd4 4. Nxd4 Nf6 5. Nc3 a6 6. Bc4 g6 7. f3 Bg7 8. Be3
Nc6 9. Qd2 Bd7 10. h4 Ne5 11. Bb3 h5 12. Bg5 b5 13. O-O-O Rc8 14. g4 Nc4 15.
Qg2 b4 16. Nd5 Nxd5 17. exd5 a5 18. Nc6 Bxc6 19. dxc6 Nxb2 20. Rde1 f6 21. Bf4
a4 22. Be6 Nd3+ 23. cxd3 Rxc6+ 24. Kb1 Qa5 25. Rc1 Qb6 26. Rxc6 Qxc6 27. Rc1
1-0

[Event "Tournoi Skype 023A"]
[Site "Skype"]
[Date "????.??.??"]
[Round "1.10"]
[White "Alvarez, Juan Evangelista"]
[Black "Altinok, Selim"]
[Result "0-1"]
[WhiteElo "1568"]
[BlackElo "1834"]
[PlyCount "116"]

1. Nf3 Nf6 2. d4 g6 3. Nc3 d5 4. Qd3 Nc6 5. e4 dxe4 6. Nxe4 Nxe4 7. Qxe4 Bf5 8.
Qf4 Nb4 9. Bb5+ c6 10. Ba4 Bxc2 11. O-O Bxa4 12. d5 Qd6 13. Qd4 e5 14. Nxe5 Bg7
15. Bf4 O-O 16. a3 Nxd5 17. Qxa4 Nxf4 18. Nc4 Qc7 19. Qc2 Rad8 20. Rfe1 Rfe8
21. Ne3 Nd3 22. Red1 Nxb2 23. Rxd8 Rxd8 24. g3 Nd3 25. Rd1 Ne5 26. f4 Nf3+ 27.
Kg2 Rxd1 28. Qxd1 Nd4 29. Qc1 Qe7 30. Kf2 Qe4 31. Qd1 h5 32. h4 Bf8 33. g4
Qxf4+ 34. Kg2 Qxe3 35. gxh5 Qe4+ 36. Kh3 Qf3+ 37. Qxf3 Nxf3 38. hxg6 fxg6 39.
Kg4 Ne5+ 40. Kf4 Nd3+ 41. Ke4 Nb2 42. Kd4 Bxa3 43. Kc3 b5 44. Kb3 b4 45. Kc2 c5
46. Kd2 c4 47. Ke3 c3 48. Kf4 c2 49. Kg5 Kg7 50. h5 c1=Q+ 51. Kg4 Qg1+ 52. Kf4
Qd4+ 53. Kg3 Qe3+ 54. Kh4 gxh5 55. Kxh5 Qg1 56. Kh4 Kf6 57. Kh3 Kf5 58. Kh4
Qg4# 0-1

[Event "Tournoi Skype 023A"]
[Site "Skype"]
[Date "????.??.??"]
[Round "1.11"]
[White "Ricieri, Vinicius"]
[Black "Mitrani, Alberto"]
[Result "1-0"]
[WhiteElo "1831"]
[BlackElo "1567"]
[PlyCount "81"]

1. d4 f5 2. c4 Nf6 3. Nf3 d6 4. g3 g6 5. Bg2 Bg7 6. Nc3 c6 7. O-O O-O 8. Bf4
Nbd7 9. Re1 d5 10. cxd5 Nxd5 11. Nxd5 cxd5 12. Qb3 Nf6 13. Rac1 Qb6 14. Qxb6
axb6 15. a3 Ra4 16. Rc7 Rc4 17. Rxe7 Bd7 18. Ne5 Rc7 19. Nxg6 Rc2 20. Nxf8 Bxf8
21. Re3 Rxb2 22. Be5 Ne4 23. Rc1 Bc6 24. Bh3 Bh6 25. f4 Bg7 26. Bxf5 b5 27.
Bxg7 Kxg7 28. Bxe4 dxe4 29. Rd1 Bd5 30. Kf2 Kf6 31. Rc1 Ke6 32. Rc5 Kd6 33. g4
Rd2 34. Rxb5 Rxd4 35. Rc3 Bc6 36. Rh5 e3+ 37. Kg3 Re4 38. Rxh7 Re6 39. f5 Re5
40. Rh6+ Ke7 41. Re6+ 1-0

[Event "Tournoi Skype 023A"]
[Site "Skype"]
[Date "????.??.??"]
[Round "1.12"]
[White "Chavero, Victor"]
[Black "Altinok, Kerim"]
[Result "0-1"]
[WhiteElo "1565"]
[BlackElo "1822"]
[PlyCount "48"]

1. d4 d5 2. Nf3 Nf6 3. e3 c5 4. b3 cxd4 5. exd4 Bf5 6. Bb2 Nc6 7. Bb5 Qa5+ 8.
Nc3 Ne4 9. Nd2 Nxc3 10. Bxc6+ bxc6 11. Bxc3 Qxc3 12. Rc1 e6 13. O-O Qxd4 14. c3
Qh4 15. Nf3 Qf6 16. Re1 Ba3 17. g3 Bg4 18. Re3 Bxc1 19. Qxc1 Bxf3 20. Qd2 O-O
21. c4 dxc4 22. bxc4 Rad8 23. Rd3 Rxd3 24. Qxd3 Rd8 0-1

[Event "Tournoi Skype 023A"]
[Site "Skype"]
[Date "????.??.??"]
[Round "1.13"]
[White "Dal, Ibrahim"]
[Black "Yardimci, Ertan"]
[Result "1/2-1/2"]
[WhiteElo "1809"]
[BlackElo "1554"]
[PlyCount "41"]

1. d4 d5 2. Nf3 Nf6 3. c4 dxc4 4. e3 e6 5. Bxc4 c5 6. O-O a6 7. a4 Nc6 8. Qe2
cxd4 9. Rd1 Be7 10. exd4 O-O 11. Nc3 Nd5 12. Bd3 Ncb4 13. Bb1 b6 14. Ne5 Bb7
15. Ra3 Rc8 16. Nxd5 Qxd5 17. Bxh7+ Kxh7 18. Qh5+ Kg8 19. Rg3 Rxc1 20. Rxg7+
Kxg7 21. Qg4+ 1/2-1/2

[Event "Tournoi Skype 023A"]
[Site "Skype"]
[Date "????.??.??"]
[Round "1.14"]
[White "Khunte, Aniruddha"]
[Black "Segura Lozano, Marcos Antonio"]
[Result "0-1"]
[WhiteElo "1550"]
[BlackElo "1804"]
[PlyCount "98"]

1. e4 c6 2. d4 d5 3. Nc3 dxe4 4. Nxe4 Bf5 5. Ng3 Bg6 6. h4 h6 7. h5 Bh7 8. N1e2
Nf6 9. Nf4 e6 10. Bd3 Qxd4 11. Bxh7 Qxd1+ 12. Kxd1 Rxh7 13. Be3 Nbd7 14. Kd2
Bc5 15. Bxc5 Nxc5 16. Rad1 O-O-O+ 17. Kc1 Rhh8 18. Rxd8+ Rxd8 19. Rd1 Nce4 20.
Rxd8+ Kxd8 21. Nxe4 Nxe4 22. f3 Ng3 23. Kd2 b6 24. Ke3 e5 25. Nd3 f6 26. f4 e4
27. Nb4 Kd7 28. c4 f5 29. Nc2 c5 30. b4 Ke6 31. a4 Nxh5 32. bxc5 bxc5 33. g4
Nf6 34. gxf5+ Kxf5 35. a5 a6 36. Ne1 Ng4+ 37. Ke2 Kxf4 38. Ng2+ Kg5 39. Ne3
Nxe3 40. Kxe3 Kf5 41. Kf2 g5 42. Kg3 h5 43. Kf2 Kf4 44. Kg2 g4 45. Kf2 h4 46.
Kg2 Ke3 47. Kh2 Kf2 48. Kh1 e3 49. Kh2 e2 0-1

[Event "Tournoi Skype 023A"]
[Site "Skype"]
[Date "????.??.??"]
[Round "1.15"]
[White "Martinez Quintero, Javier"]
[Black "Sauvaget, Joel"]
[Result "1-0"]
[WhiteElo "1779"]
[BlackElo "1548"]
[PlyCount "127"]

1. d4 d5 2. c4 c6 3. e3 Nf6 4. Nf3 e6 5. Nc3 Be7 6. b3 O-O 7. Be2 Nbd7 8. O-O
a6 9. Bb2 h6 10. c5 Nh7 11. e4 dxe4 12. Nxe4 Ndf6 13. Qc2 Nxe4 14. Qxe4 Nf6 15.
Qe5 Qd5 16. Bc4 Qxe5 17. Nxe5 Nd5 18. Rfe1 Rd8 19. Rad1 Bd7 20. Rd3 Be8 21. a3
f6 22. Ng4 Bf7 23. Rg3 Kh8 24. Ne3 Re8 25. b4 Bf8 26. Bb3 Re7 27. Nc4 Rd8 28.
Nd6 Bg8 29. Re4 Red7 30. Reg4 Rc7 31. Bc1 Bxd6 32. cxd6 Rcd7 33. Bc2 Bh7 34.
Bg6 Bxg6 35. Rxg6 Kh7 36. h4 Rf8 37. h5 Rff7 38. Bd2 Rxd6 39. a4 Ne7 40. R6g4
Rd7 41. Bc3 Nf5 42. Rd3 Ne7 43. Re4 Rd6 44. Rde3 Nd5 45. Rg3 Nxc3 46. Rxc3 Re7
47. f4 Rd5 48. g4 f5 49. gxf5 Rxf5 50. Rce3 Rff7 51. Kg2 Kg8 52. Kf3 Kf8 53.
Rxe6 Rxe6 54. Rxe6 Rf6 55. Rxf6+ gxf6 56. Ke4 Ke7 57. Kf5 Kf7 58. a5 Ke7 59.
Kg6 Ke6 60. f5+ Kd5 61. Kxf6 Kxd4 62. Ke6 c5 63. bxc5 Kxc5 64. f6 1-0

[Event "Tournoi Skype 023A"]
[Site "Skype"]
[Date "????.??.??"]
[Round "1.16"]
[White "Gharbi, Said"]
[Black "Saponara, Jose Maria"]
[Result "0-1"]
[WhiteElo "1541"]
[BlackElo "1779"]
[PlyCount "56"]

1. e4 b6 2. d4 Bb7 3. Nc3 d6 4. Bc4 Nf6 5. d5 Nbd7 6. Nf3 a6 7. Bg5 b5 8. Bxf6
Nxf6 9. Bb3 b4 10. Ne2 g6 11. c3 Bg7 12. Qd3 a5 13. cxb4 axb4 14. Qb5+ Qd7 15.
Qxb7 O-O 16. Qxb4 Rfb8 17. Qc4 Nxe4 18. Qxe4 Rxb3 19. Ned4 Rxb2 20. Nc6 Bc3+
21. Kf1 Bf6 22. a4 e6 23. g3 exd5 24. Qxd5 Qh3+ 25. Ke1 Re8+ 26. Kd1 Qg2 27.
Rg1 Qxf2 28. Rc1 Qe2# 0-1

[Event "Tournoi Skype 023A"]
[Site "Skype"]
[Date "????.??.??"]
[Round "1.17"]
[White "Pena, Eduin"]
[Black "Bendre, Pankaj"]
[Result "1-0"]
[WhiteElo "1764"]
[BlackElo "1540"]
[PlyCount "45"]

1. Nf3 d5 2. g3 Nf6 3. Bg2 Nc6 4. d4 e6 5. O-O Bd6 6. c4 b6 7. Nbd2 O-O 8. b3
Ne7 9. Ne5 Bb7 10. cxd5 exd5 11. Ndf3 c5 12. Bg5 Nf5 13. dxc5 Bxc5 14. Rc1 Qd6
15. Bf4 Qe7 16. Bh3 Nd6 17. Nd3 Nfe4 18. Nxc5 Nxc5 19. b4 Ne6 20. Be5 Ne4 21.
Nd4 N6g5 22. Bxg7 Kxg7 23. Nf5+ 1-0

[Event "Tournoi Skype 023A"]
[Site "Skype"]
[Date "????.??.??"]
[Round "1.18"]
[White "Levantini, Claudio"]
[Black "Karia, Vijay"]
[Result "0-1"]
[WhiteElo "1532"]
[BlackElo "1761"]
[PlyCount "54"]

1. e4 d5 2. exd5 Qxd5 3. Nc3 Qa5 4. Nf3 c6 5. d4 Nf6 6. Bd2 Qb6 7. Bc4 Bg4 8.
Na4 Qc7 9. Bb3 e6 10. h3 Bh5 11. c3 Bd6 12. Bc2 Nbd7 13. b3 Nd5 14. Qe2 Bf4 15.
g4 Bg6 16. Bxg6 hxg6 17. c4 N5f6 18. O-O-O b5 19. Nc3 bxc4 20. Qxc4 Bxd2+ 21.
Nxd2 Nb6 22. Qe2 O-O 23. Qe5 Qe7 24. Kb2 a5 25. Qc5 Qb7 26. a4 Rfb8 27. Ka2
Nfd5 0-1

[Event "Tournoi Skype 023A"]
[Site "Skype"]
[Date "????.??.??"]
[Round "1.19"]
[White "Diaz, Jose Garcia"]
[Black "Hague, Mark"]
[Result "1-0"]
[WhiteElo "1749"]
[BlackElo "1529"]
[PlyCount "75"]

1. e4 g6 2. d4 e6 3. c4 b6 4. Nc3 Bg7 5. Nf3 d6 6. Be2 Bb7 7. O-O Ne7 8. d5 e5
9. Be3 Nd7 10. Qd2 h6 11. g3 g5 12. Ne1 Nf6 13. f4 gxf4 14. gxf4 Qd7 15. f5
O-O-O 16. a4 a6 17. a5 Kb8 18. axb6 cxb6 19. Bxb6 Rc8 20. Na4 Nxe4 21. Qe3 Nc5
22. Nxc5 dxc5 23. Bxc5 Rxc5 24. Qxc5 Rc8 25. Qb6 Ka8 26. f6 Nxd5 27. cxd5 Bf8
28. Rxa6+ Bxa6 29. Qxa6+ Kb8 30. Qb6+ Ka8 31. Kh1 Bc5 32. Qa6+ Kb8 33. Ng2 Qxd5
34. Ra1 Qb7 35. Qxb7+ Kxb7 36. Bf3+ Kb6 37. Rc1 Rc6 38. Bxc6 1-0

[Event "Tournoi Skype 023A"]
[Site "Skype"]
[Date "????.??.??"]
[Round "1.20"]
[White "Martin, Jean-Claude"]
[Black "Engstrom, Olle"]
[Result "0-1"]
[WhiteElo "1523"]
[BlackElo "1749"]
[PlyCount "47"]

1. d4 Nf6 2. c4 g6 3. Nc3 d5 4. Nf3 Bg7 5. e3 O-O 6. h3 c5 7. dxc5 Na6 8. cxd5
Nxc5 9. Bd3 Nxd5 10. Qd2 Nxc3 11. bxc3 Nxd3+ 12. Ke2 Nxc1+ 13. Raxc1 Qxd2+ 14.
Nxd2 Be6 15. Rc2 Rac8 16. Rhc1 Bc4+ 17. Nxc4 Rxc4 18. Kd3 Rfc8 19. g4 b5 20. f3
a5 21. a3 Ra4 22. Ra1 b4 23. cxb4 Rxc2 24. Kxc2 0-1

[Event "Tournoi Skype 023A"]
[Site "Skype"]
[Date "????.??.??"]
[Round "1.21"]
[White "Sanchez, Carlos"]
[Black "Perrone, Gabriel Lorenzo"]
[Result "1/2-1/2"]
[WhiteElo "1744"]
[BlackElo "1523"]
[PlyCount "105"]

1. e4 e5 2. Nf3 Nc6 3. Bb5 a6 4. Ba4 Nf6 5. O-O Be7 6. Re1 b5 7. Bb3 Na5 8.
Nxe5 Nxb3 9. axb3 Bb7 10. d3 O-O 11. Nd2 Re8 12. Nf1 d5 13. exd5 Qxd5 14. Nf3
Bc5 15. Be3 Ng4 16. Bxc5 Qxc5 17. Qd2 Qc6 18. Ng3 Ne5 19. Qf4 Nxf3+ 20. Qxf3
Qxf3 21. gxf3 Bxf3 22. h3 Kf8 23. Ne4 Bxe4 24. dxe4 Ke7 25. Ra5 Red8 26. Rea1
Rd2 27. Rc1 Ke6 28. Kf1 Ke5 29. Ke1 Rd4 30. f3 Kf4 31. Ke2 Rad8 32. Rxa6 Rd2+
33. Ke1 Kxf3 34. e5 Re2+ 35. Kf1 Rf2+ 36. Kg1 Rdd2 37. Rf1 Rxc2 38. Rxf2+ Rxf2
39. e6 fxe6 40. Rxe6 Rxb2 41. Re7 g6 42. Rxc7 Rxb3 43. Rxh7 Kg3 44. Kf1 b4 45.
Ke1 Rb2 46. Rg7 b3 47. Rxg6+ Kxh3 48. Rb6 Kg3 49. Kd1 Rb1+ 50. Kd2 Kf3 51. Kc3
Ke3 52. Rxb3 Rxb3+ 53. Kxb3 1/2-1/2

[Event "Tournoi Skype 023A"]
[Site "Skype"]
[Date "????.??.??"]
[Round "1.22"]
[White "Vello, Pablo"]
[Black "Khetre, Gaurav"]
[Result "1-0"]
[WhiteElo "1517"]
[BlackElo "1742"]
[PlyCount "67"]

1. d4 f5 2. Bf4 Nf6 3. Nc3 g6 4. Qd2 Bg7 5. f3 d5 6. Bh6 O-O 7. Bxg7 Kxg7 8.
O-O-O Nbd7 9. e3 c5 10. Nh3 e5 11. Ng5 Qb6 12. Be2 cxd4 13. exd4 h6 14. Nh3
exd4 15. Na4 Qc6 16. Qxd4 a6 17. Nc3 Nb6 18. Nf4 Kh7 19. Nfxd5 Nbxd5 20. Nxd5
Nxd5 21. Qxd5 Qxd5 22. Rxd5 Be6 23. Rc5 Rac8 24. Rxc8 Rxc8 25. a3 Bb3 26. c3
Rd8 27. Bd1 Bf7 28. Re1 Re8 29. Rxe8 Bxe8 30. Kd2 Kg7 31. Ke3 Kf6 32. Kd4 Bc6
33. Bb3 a5 34. Bd5 1-0

[Event "Tournoi Skype 023A"]
[Site "Skype"]
[Date "????.??.??"]
[Round "1.23"]
[White "Murgia, Stefano"]
[Black "Carballo, Jorge"]
[Result "1-0"]
[WhiteElo "1728"]
[BlackElo "1508"]
[PlyCount "73"]

1. e4 e5 2. d4 exd4 3. Qxd4 Nc6 4. Qe3 d6 5. Bd2 Nf6 6. Nc3 Be7 7. O-O-O O-O 8.
Qg3 Ne5 9. f4 Ng6 10. Nf3 Nh5 11. Qf2 Nhxf4 12. h4 Bg4 13. h5 Nxh5 14. Nd5 Bxf3
15. gxf3 Bh4 16. Qh2 Ng3 17. Rg1 Nxf1 18. Rdxf1 c6 19. Ne3 h6 20. Nf5 Bg5 21.
f4 Bf6 22. Ng3 Bd4 23. Rh1 Qb6 24. c3 Be3 25. f5 Ne5 26. Nh5 Nd3+ 27. Kd1 Nf2+
28. Rxf2 Bxf2 29. Nxg7 Be3 30. Bxe3 Qxe3 31. Rg1 Kh7 32. f6 Qf3+ 33. Kc1 Qxf6
34. Nf5 Rg8 35. Rf1 Qg5+ 36. Kb1 Qg2 37. Qxh6# 1-0

[Event "Tournoi Skype 023A"]
[Site "Skype"]
[Date "????.??.??"]
[Round "1.24"]
[White "Aranzubia, Desiderio"]
[Black "Casey, Eamonn"]
[Result "1/2-1/2"]
[WhiteElo "1506"]
[BlackElo "1725"]
[PlyCount "74"]

1. d4 Nf6 2. c4 e6 3. Nc3 d5 4. Bg5 Be7 5. Nf3 Nbd7 6. cxd5 exd5 7. a3 h6 8.
Bf4 O-O 9. e3 c5 10. Be2 a6 11. O-O b5 12. dxc5 Nxc5 13. b4 Nce4 14. Qc2 Bf5
15. Nxe4 Nxe4 16. Bd3 Rc8 17. Qd1 Nc3 18. Qd2 Bxd3 19. Qxd3 Ne4 20. Rfd1 Bf6
21. Rac1 Rc3 22. Rxc3 Nxc3 23. Rc1 Qc8 24. Rc2 Re8 25. Kf1 Qc4 26. Qxc4 dxc4
27. Nd2 Rd8 28. Ke1 Rd3 29. e4 Bd4 30. f3 g5 31. Bg3 Re3+ 32. Kf1 Rd3 33. Ke1
Na4 34. Nb1 c3 35. Bf2 Bxf2+ 36. Kxf2 Rd6 37. Ke2 Rc6 1/2-1/2

[Event "Tournoi Skype 023A"]
[Site "Skype"]
[Date "????.??.??"]
[Round "1.25"]
[White "Vasquez, Oscar"]
[Black "Mordaa, Ahmad"]
[Result "1-0"]
[WhiteElo "1716"]
[BlackElo "1496"]
[PlyCount "115"]

1. c4 e5 2. Nc3 Nf6 3. Nf3 Nc6 4. g3 Nd4 5. Bg2 Nxf3+ 6. Bxf3 d6 7. Bg2 g6 8.
O-O Bg7 9. d3 O-O 10. Bg5 Be6 11. Qd2 Qc8 12. f4 exf4 13. Rxf4 Nh5 14. Rf2 Bh3
15. Raf1 Bd4 16. e3 Bg7 17. Nd5 Qd7 18. Be7 Bxg2 19. Kxg2 c6 20. Bxf8 Rxf8 21.
Nf4 Nxf4+ 22. Rxf4 Bh6 23. R4f3 c5 24. Qf2 Qe7 25. e4 Bg7 26. b3 Bd4 27. Qd2
Kg7 28. Qf4 Be5 29. Qg4 h5 30. Qh3 h4 31. Qxh4 Qd7 32. g4 Rh8 33. Rxf7+ Qxf7
34. Rxf7+ Kxf7 35. Qf2+ Kg7 36. h3 Rf8 37. Qe2 Bd4 38. Kh1 Rf2 39. Qe1 Rxa2 40.
Qh4 Ra1+ 41. Kg2 Ra2+ 42. Kf3 Rf2+ 43. Qxf2 Bxf2 44. Kxf2 Kf6 45. h4 a6 46. Kf3
b5 47. cxb5 axb5 48. g5+ Ke5 49. Kg4 Ke6 50. h5 gxh5+ 51. Kxh5 Kf7 52. Kh6 Kg8
53. Kg6 c4 54. dxc4 b4 55. Kf6 Kf8 56. e5 dxe5 57. Kxe5 Kg7 58. Kf5 1-0

[Event "Tournoi Skype 023A"]
[Site "Skype"]
[Date "????.??.??"]
[Round "1.26"]
[White "Fouquereau, Andre"]
[Black "Calcino, Luis"]
[Result "0-1"]
[WhiteElo "1488"]
[BlackElo "1714"]
[PlyCount "80"]

1. e4 g6 2. d4 Bg7 3. c3 d6 4. Nf3 a6 5. Bd3 Nd7 6. O-O Ngf6 7. e5 dxe5 8. dxe5
Nd5 9. c4 Nb4 10. Be4 O-O 11. Qb3 c5 12. a3 Nc6 13. Rd1 Qb6 14. Qxb6 Nxb6 15.
b3 Nxe5 16. Nxe5 Bxe5 17. Ra2 f5 18. Bh6 Bg7 19. Bxg7 Kxg7 20. Bf3 Nd7 21. Rad2
Ne5 22. Be2 Nc6 23. Bf3 Nd4 24. Rd3 Rd8 25. Kf1 Kf6 26. b4 Be6 27. Bd5 Bxd5 28.
cxd5 Rxd5 29. Nc3 Rdd8 30. bxc5 Nc6 31. Nd5+ Kf7 32. Nb6 Rxd3 33. Rxd3 Rd8 34.
Ke2 e5 35. Nc4 Nd4+ 36. Kd1 Ke6 37. Nd2 Rd7 38. Nf1 Kd5 39. Kd2 Kxc5 40. Rc3+
Kb6 0-1

[Event "Tournoi Skype 023A"]
[Site "Skype"]
[Date "????.??.??"]
[Round "1.27"]
[White "Ortega, Elvis"]
[Black "Le Brun, Yves"]
[Result "1-0"]
[WhiteElo "1712"]
[BlackElo "1488"]
[PlyCount "67"]

1. d4 Nf6 2. Nf3 d6 3. Bg5 Nbd7 4. Nbd2 h6 5. Bh4 g6 6. e3 Bg7 7. Bd3 O-O 8.
Qe2 Qe8 9. h3 a6 10. g4 Kh8 11. O-O-O b5 12. g5 Nh7 13. gxh6 Bxh6 14. Bg5 Bxg5
15. Nxg5 Nxg5 16. h4 Nh7 17. f4 f6 18. Qg2 Qf7 19. Kb1 Nb6 20. Bxg6 Qd5 21. Be4
Qf7 22. Bxa8 f5 23. Bf3 Rg8 24. Qe2 Be6 25. b3 Nf6 26. Rhg1 Nbd5 27. Kb2 Qh7
28. Rg5 Rg7 29. Rdg1 Rxg5 30. hxg5 Qg6 31. Rh1+ Kg7 32. gxf6+ Kxf6 33. Qh2 Bf7
34. Rg1 1-0

[Event "Tournoi Skype 023A"]
[Site "Skype"]
[Date "????.??.??"]
[Round "1.28"]
[White "Junqueira, Leonardo De Faria"]
[Black "Aravena, Alvaro"]
[Result "1/2-1/2"]
[WhiteElo "1487"]
[BlackElo "1700"]
[PlyCount "128"]

1. e4 e6 2. d4 d5 3. e5 c5 4. c3 Nc6 5. Nf3 Qb6 6. Bd3 cxd4 7. cxd4 Nge7 8. O-O
Bd7 9. Bc2 Rc8 10. Nc3 h6 11. Na4 Qc7 12. Nc3 a6 13. Be3 b5 14. a3 Na5 15. Bd3
Nc4 16. Bxc4 Qxc4 17. Rc1 b4 18. axb4 Qxb4 19. Qd2 Nf5 20. Nxd5 Qxd2 21. Rxc8+
Bxc8 22. Nc7+ Kd7 23. Bxd2 Kxc7 24. Ba5+ Kd7 25. Rc1 Ne7 26. Rc7+ Ke8 27. Bb4
Kd8 28. Ba5 Ke8 29. Nd2 g5 30. Nc4 Bg7 31. Bb4 Bd7 32. Ra7 Kd8 33. Ba5+ Ke8 34.
Nd6+ Kf8 35. Rxd7 Nd5 36. Rxf7+ Kg8 37. Ra7 Kh7 38. Rxa6 Rb8 39. Nc4 Rc8 40. b3
Rb8 41. Nb6 Nf4 42. Kf1 h5 43. Ra7 Kg6 44. Re7 Bf8 45. Rc7 Kf5 46. g3 Nd3 47.
Ke2 Nb4 48. Bxb4 Bxb4 49. Nd7 Rb5 50. Nc5 Bc3 51. Re7 Bxd4 52. Nxe6 Rxe5+ 53.
Kd3 Bc5 54. Ng7+ Kf6 55. Rxe5 Kxe5 56. Nxh5 Kf5 57. h3 Kg6 58. Nf4+ gxf4 59.
gxf4 Kf5 60. h4 Kxf4 61. h5 Kg5 62. Ke4 Kxh5 63. f4 Kg6 64. f5+ Kf6 1/2-1/2

[Event "Tournoi Skype 023A"]
[Site "Skype"]
[Date "????.??.??"]
[Round "1.29"]
[White "Grosso, Raul"]
[Black "Galani, Mahendra"]
[Result "1-0"]
[WhiteElo "1700"]
[BlackElo "1469"]
[PlyCount "61"]

1. d4 d5 2. c4 c6 3. g3 Nf6 4. Bg2 Nbd7 5. Nc3 Nb6 6. c5 Nbd7 7. Nf3 Qc7 8. Bf4
Qa5 9. O-O Nh5 10. Bd2 Qc7 11. b4 b6 12. e4 e6 13. exd5 cxd5 14. Qe2 Bb7 15.
Nh4 Nhf6 16. Nf5 O-O-O 17. Nb5 Qb8 18. Nbd6+ Bxd6 19. Nxd6+ Kc7 20. Nxf7 Rde8
21. cxb6+ Kxb6 22. Nxh8 Ne4 23. Nf7 Rf8 24. Bf4 e5 25. Nxe5 Nxe5 26. Bxe5 Qe8
27. a4 Nc3 28. a5+ Kc6 29. Rac1 Kd7 30. Rxc3 g5 31. Rc7+ 1-0